LDS Apostles Total (1835-2018) - Statistics

General Stats
  • This quiz has been taken 297 times
  • The average score is 64 of 106
Answer Stats
Hint Answer % Correct
April 7, 1910 Joseph Fielding Smith
100%
July 1, 1866 Joseph F. Smith
100%
October 8, 1903 George Albert Smith
99%
April 12, 1984 Russell M. Nelson
99%
October 4, 1963 Thomas S. Monson
99%
October 2, 2004 David A. Bednar
97%
April 1, 1995 Henry B. Eyring
97%
March 31, 2018 Ulisses Soares
97%
February 14, 1835 Brigham Young
96%
February 4, 1864 Brigham Young Jr.
96%
April 9, 1906 David O. McKay
96%
October 5, 1961 Gordon B. Hinckley
96%
April 29, 1839 George A. Smith
94%
October 24, 1901 Hyrum M. Smith
94%
June 23, 1994 Jeffrey R. Holland
94%
October 27, 1880 John Henry Smith
94%
February 15, 1835 William Smith
94%
May 3, 1984 Dallin H. Oaks
93%
April 5, 2008 D. Todd Christofferson
93%
October 7, 1943 Ezra Taft Benson
93%
March 31, 2018 Gerrit W. Gong
93%
October 2, 004 Dieter F. Uchtdorf
91%
October 7, 1943 Spencer W. Kimball
91%
October 3, 2015 Dale G. Renlund
90%
February 12, 1849 Lorenzo Snow
90%
October 10, 1985 M. Russell Ballard
90%
October 6, 2007 Quentin L. Cook
90%
October 11, 1934 Alonzo A. Hinckley
88%
October 3, 2015 Gary E. Stevenson
87%
February 14, 1835 Heber C. Kimball
87%
October 3, 2015 Ronald A. Rasband
87%
April 29, 1839 Wilford Woodruff
87%
July 16, 1846 Ezra T. Benson
86%
April 10, 1941 Harold B. Lee
86%
October 5, 1959 Howard W. Hunter
86%
February 4, 1864 John Willard Young
86%
February 4, 1864 Joseph Angell Young
86%
January 7, 1919 Melvin J. Ballard
86%
February 12, 1849 Erastus Snow
83%
October 16, 1882 Heber J. Grant
83%
December 19, 1938 John Taylor
83%
April 9, 1884 John W. Taylor
83%
April 4, 2009 Neil A. Andersen
81%
April 7, 1854 Jedediah M. Grant
78%
October 6, 1988 Richard G. Scott
78%
October 7, 1896 Abraham O. Woodruff
77%
April 6, 1970 Boyd K. Packer
71%
April 2, 1994 Robert D. Hales
70%
July 23, 1981 Neal A. Maxwell
68%
October 12, 1972 Bruce R. McConkie
65%
April 6, 1974 L. Tom Perry
65%
February 21, 1835 Parley P. Pratt
64%
April 26, 1835 Orson Pratt
62%
February 15, 1835 Luke S. Johnson
61%
February 14, 1835 Lyman E. Johnson
61%
September 30, 1978 James E. Faust
59%
October 9, 1986 Joseph B. Wirthlin
58%
February 12, 1849 Charles C. Rich
54%
January 8, 1976 David B. Haight
52%
February 12, 1849 Franklin D. Richards
52%
April 9, 1906 George F. Richards
52%
April 10, 1958 Hugh B. Brown
52%
April 10, 1952 LeGrand Richards
52%
Januar 18, 1917 Stephen L. Richards
52%
April 14, 1840 Willard Richards
52%
October 11, 1951 Marion G. Romney
49%
October 11, 1962 N. Eldon Tanner
46%
December 8, 1911 James E. Talmage
42%
February 15, 1835 Orson Hyde
42%
April 25, 1835 Thomas B. Marsh
41%
February 15, 1835 David W. Patten
36%
April 20, 1944 Mark E. Petersen
36%
October 7, 1889 Abraham H. Cannon
33%
August 26, 1860 George Q. Cannon
33%
December 2, 1971 Marvin J. Ashton
33%
April 9, 1906 Orson F. Whitney
33%
April 6, 1938 Sylvester Q. Cannon
33%
August 20, 1842 Amasa M. Lyman
32%
October 27, 1880 Francis M. Lyman
32%
April 7, 1918 Richard R. Lyman
32%
February 15, 1835 William E. McLellin
29%
April 8, 1900 Reed Smoot
26%
October 5, 1950 Delbert L. Stapley
25%
December 19, 1938 John E. Page
25%
April 9, 1953 Adam S. Bennion
22%
October 7, 1889 Anthon H. Lund
22%
October 6, 1907 Anthony W. Ivins
22%
April 10, 1947 Henry D. Moyle
22%
October 8, 1931 Joseph F. Merrill
22%
October 11, 1934 J. Reuben Clark
22%
October 7, 1889 Marriner W. Merrill
22%
October 8, 1953 Richard L. Evans
22%
October 12, 1933 Charles A. Callis
20%
July 7, 1904 Charles W. Penrose
20%
April 8, 1841 Lyman Wight
20%
October 7, 1896 Mattias F. Cowley
20%
July 3, 1870 Albert Carrington
19%
April 8, 1954 George Q. Morris
19%
February 15, 1835 John F. Boynton
19%
April 7, 1879 Moses Thatcher
19%
March 17, 1921 John A. Widstoe
17%
April 8, 1937 Albert E. Bowen
16%
January 4, 1857 Daniel H. Wells
16%
October 16, 1882 George Teasdale
16%
October 5, 1967 Alvin R. Dyer
14%
October 10, 1898 Rudger Clawson
13%
No matching quizzes found
Score Distribution
Percent of People with Each Score
Percentile by Number Answered
Your Score History
You have not taken this quiz